The concept of Islamic socialism. (Record no. 78458)
[ view plain ]
| 000 -LEADER | |
|---|---|
| fixed length control field | 00570nam a22002291 4500 |
| 001 - CONTROL NUMBER | |
| control field | sa 68002100 |
| 003 - CONTROL NUMBER IDENTIFIER | |
| control field | DLC |
| 005 - DATE AND TIME OF LATEST TRANSACTION | |
| control field | 20260227112439.0 |
| 008 - FIXED-LENGTH DATA ELEMENTS--GENERAL INFORMATION | |
| fixed length control field | 710903s1964 pk 00000 eng |
| 010 ## - LIBRARY OF CONGRESS CONTROL NUMBER | |
| LC control number | sa 68002100 |
| 025 ## - OVERSEAS ACQUISITION NUMBER | |
| Overseas acquisition number | PL480:EP-E-416 |
| 041 0# - LANGUAGE CODE | |
| Language code of text/sound track or separate title | engara |
| 050 0# - LIBRARY OF CONGRESS CALL NUMBER | |
| Classification number | HX550.I8 |
| Item number | S37 |
| 100 10 - MAIN ENTRY--PERSONAL NAME | |
| Personal name | Sarker, Abdul Bari. |
| 245 14 - TITLE STATEMENT | |
| Title | The concept of Islamic socialism. |
| 250 ## - EDITION STATEMENT | |
| Edition statement | [1st ed. |
| 260 0# - PUBLICATION, DISTRIBUTION, ETC. | |
| Place of publication, distribution, etc. | Dacca, |
| Date of publication, distribution, etc. | 1964] |
| 300 ## - PHYSICAL DESCRIPTION | |
| Extent | 139 p. |
| Dimensions | 23 cm. |
| 350 ## - PRICE (NR) (BK AM CF MU VM SE) [OBSOLETE] | |
| Price | Rs3.50 |
| 500 ## - GENERAL NOTE | |
| General note | Includes quotations in Arabic. |
| 650 #0 - SUBJECT ADDED ENTRY--TOPICAL TERM | |
| Topical term or geographic name entry element | Socialism and Islam. |
No items available.